Statistiken für PSE Quiz (Nur Hauptgruppen)

Klicken Sie hier um das Quiz zu spielen!

Allgemein

  • Dieses Quiz wurde 3.266 mal gespielt
  • Das Durchschnittsergebnis liegt bei 32 aus 44

Antwortstatistiken

#SymElement% Korrekt
1HWasserstoff
98%
2HeHelium
93%
8OSauerstoff
92%
6CKohlenstoff
88%
3LiLithium
88%
11NaNatrium
88%
7NStickstoff
87%
12MgMagnesium
86%
10NeNeon
86%
19KKalium
85%
5BBor
83%
9FFluor
83%
20CaCalcium
82%
17ClChlor
82%
18ArArgon
81%
4BeBeryllium
81%
16SSchwefel
79%
35BrBrom
78%
13AlAluminium
77%
54XeXenon
77%
53IIod
75%
15PPhosphor
74%
36KrKrypton
71%
14SiSilicium
70%
55CsCaesium
69%
86RnRadon
68%
32GeGermanium
67%
82PbBlei
66%
56BaBarium
65%
87FrFrancium
65%
31GaGallium
65%
50SnZinn
65%
88RaRadium
64%
37RbRubidium
64%
34SeSelen
64%
33AsArsen
63%
38SrStrontium
62%
85AtAstat
56%
52TeTellur
56%
49InIndium
55%
83BiBismut
54%
51SbAntimon
53%
84PoPolonium
52%
81TlThallium
52%

Verteilung der Resultate

Perzentil nach korrekt beantworteten Fragen

Anzahl Personen mit jedem Resultat

Ihre Resultats-Entwicklung

Sie haben dieses Quiz noch nicht gespielt